| 000 | 00813nam a2200217 a 4500 | ||
|---|---|---|---|
| 001 | BRCA_1672 | ||
| 005 | 20190320203512.0 | ||
| 008 | 071009s2006----mx-h#####b---s000-0#spa-# | ||
| 020 | _a9685122822 | ||
| 040 |
_aDLC _cDLC |
||
| 041 | _aspa | ||
| 044 | _amx | ||
| 050 | 4 |
_aNA2517 _b.T47 2006 |
|
| 100 | 1 |
_aTerán Bonilla, José Antonio _9966 |
|
| 245 | 1 | 0 |
_aTercero y Qvarto Libro de Architectura de Sebastián Serlio Boloñés _cestudio preliminar José Antonio Terán Bonilla. |
| 260 |
_aPuebla, México _bSecretaría de Cultura : Gobierno del Estado de Puebla _c2006 |
||
| 300 |
_a1 v. (sin paginación) _bil. _c34 cm. |
||
| 500 | _aTraducido del toscano al romance castellano por Francisco de Villalpando, arquitecto Toledo, en casa de Juan de Ayala, 1552 | ||
| 650 | 1 | 4 |
_aArquitectura _95213 |
| 942 |
_2lcc _cB |
||
| 999 |
_c1467 _d1467 |
||